| 000 | 00806nam a2200241Ia 4500 | ||
|---|---|---|---|
| 003 | GCL | ||
| 008 | 140319s9999 xx 000 0 ara d | ||
| 040 |
_aGCL / _cGCL |
||
| 082 | 0 | 4 |
_a333.9102 _bا م |
| 100 | 1 | _aاشرف صبحى عبدالعاطى | |
| 245 | 1 | 0 |
_aالمياه والتنمية الاقتصادية / _cاشرف صبحى عبدالعاطى |
| 700 | 1 | _aعمرو على حسن | |
| 300 | _a82 ص | ||
| 490 |
_aالهيئة العامة للاستعلامات _v0 |
||
| 650 | 0 | 4 | _aالتنمية الاقتصادية |
| 650 | 0 | 4 | _aالتنمية الزراعية |
| 650 | 0 | 4 | _aالمياه |
| 650 | 0 | 4 | _aالمياه العذبة |
| 650 | 0 | 4 | _aالمياه - استهلاك |
| 650 | 0 | 4 | _aالمياه - تنمية |
| 650 | 0 | 4 | _aالمياه فى الزراعة |
| 942 |
_2ddc _cBK |
||
| 999 |
_c50514 _d50514 |
||